01540cam a2200313 i 4500003000900000005001700009007000300026008004100029020001800070040003000088082001300118100006600131240003700197245008100234264006000315300002600375336002700401337003400428338002800462500006000490500028300550590002700833700005100860910001400911942001400925952013200939952013801071999001701209DO-SdBNP20231013095951.0ta751003s2018 sp 000 0 spa d a9788439732563 aDO-SdBNPbspacBNPHUerda 4bP1862221 aPamuk, Orhand1952-ePremio Nobel de literatura, 2006.98447810aKirmizi sacli kadin /lespañol13aLa mujer del pelo rojo /cOrhan Pamuk ; traducción Peblo Moreno González 1aBarcelona, España :bLiteratura Random House, c2018. a281 páginasc24 cm. 2rdacontentatextobtxt 2rdamediaasin mediación bn 2rdacarrieravolumenbnc aIncluye datos biografícos del autor en la página 4. aEl famoso escritor turco Orhan Pamuk, Premio Nobel de Literatura 2006, es el primer autor turco que ganó el máximo galardón mundial de las Letras. Fue elegido uno de los 100 intelectuales del mundo por la revista Time en 2006. Sus obras han sido traducidas a 60 idiomas.  aInventariado, 2023/ YL1 aGonzález, Pablo Morenoetraducción 984436 aYlockward 2ddccLBS1 00102ddc56708GRaBNPHUbBNPHUcCTd2019-02-02eLibrería Cuestal0oBNPHU GR P186p2023-6913r2023-10-13w2023-10-13yLBS1 00102ddc56708GRaBNPHUbBNPHUcCTd2019-02-02eLibrería Cuestal0oBNPHU GR P186p2023-6914r2023-10-13te. 2w2023-10-13yLBS1 c55166d55166